000 01054nam a2200229 i 4500
001 120620
003 ES-MaACL
005 20230906191604.0
007 t|
008 070214s1962 sp r ||||1| spa d
245 0 0 _aEnciclopedia Farmacéutica /
_cdirigida por Prof. Dr. A. del Pozo, Prof. Dr. E. Gastón de Iriarte.
260 _aBarcelona [etc.] :
_bEd. Científico-Médica,
_c1962.
300 _a2 v. :
_bil. ;
_c25 cm.
505 8 _aContiene: I. Drogas y productos Químicos redactado por... Juan M. García Marquina... Alfonso del Pozo... Ramón San Martín. XIII h. 1130 p. -- II. Farmacotecnia. Técnicas preparatorias y medicamentos redactado por... M. Folch... E. Gaston de Iriarte... M. Losa... VIII. 1366 p.
650 4 _aFarmacia-
_vEnciclopedias.
_9168667
700 1 _aPozo Carrascosa, Alfonso del.
_993533
700 1 _aGastón de Iriarte, E.
_955946
700 1 _aGarcía-Marquina Rodrigo, Juan Marino.
_954892
700 1 _aSan Martín, Ramón.
_9102267
700 1 _aFolch, G.
_951438
852 _aES-MaACL
_jP-1041-bis
_bR.50001
999 _c120620
_d120620